000 00555nam a2200181Ia 4500
001 8921
005 20260306160645.0
008 260306t2014||||xx |||||||||||||| ||spa||
041 _aESP
082 _a371.926
_bG14
100 _aGalve Manzano, José Luis
_eAUT
245 0 _aEvaluación psicopedagógica de las dificultades de aprendizaje:
_bconsideraciones, procedimientos, instrumentos de evaluación y elaboración de informes
260 _c2014
300 _a383 páginas :
_c24 cm.
650 _aGEN
654 _aCED
942 _cLIB
_dJUS
_fJUS
_2ddc
_n
999 _c8921
_d8921